000 01215cam a2200301 ic4500
999 _c4933
_d4933
001 vtls000191915
003 NUKAT
005 20180511125204.0
008 031014s1968 pl a f f |001 0 pol c
035 _azz2003872217
039 9 _a201605251254
_bvpw
_c201511232218
_dkopumk
_c201504230118
_dVLOAD
_c201504220136
_dVLOAD
040 _aWA M/ES
_cWA M/ES
_dWA M/IW
_dGL 001/FAK
_dGL 001/FAN
245 0 0 _aPodstawy konstrukcji maszyn.
_nCz. 3 /
_cJ. Dietrych [et al.].
250 _aWyd. 2.
260 _aWarszawa :
_bWydawnictwa Naukowo-Techniczne,
_c1968.
300 _a457, [1] s., [1] k. tabl. złoż. :
_bil. ;
_c25 cm.
504 _aBibliogr. przy rozdz. Indeks.
521 8 _aPodręcznik dla studentów wydziałów mechanicznych wyższych szkół technicznych, może również służyć jako pomoc dla konstruktorów maszyn.
700 1 _aDietrych, Janusz
_d(1907-2001).
710 2 _aWydawnictwa Naukowo-Techniczne.
_4pbl
_919
942 _2ddc
_cBK